000 00715nam a2200229Ia 4500
003 OSt
005 20220923221807.0
006 a|||||r|||| 00| 0
007 ta
008 220922b |||||||| |||| 00| 0 hin d
024 _a200,137
037 _cTextual
040 _aARTS
_cARTS
_bhin
041 _2hin
_ahin
082 _aQ3:2, 152H5
100 _aसहजानन्द; जैन, महावीर प्रसाद
_9165656
245 0 _aअध्यात्म रत्नत्री
246 _aAdhyātma ratnatrī
260 _c1945
942 _hQ3:2, 152H5
_cTEXL
_2CC
999 _c351809
_d351809